| 000 | 00958nam0a22002891 4500 | ||
|---|---|---|---|
| 001 | RU\NLR\INFOCOMM_196\5000024733 | ||
| 005 | 20250613093351.0 | ||
| 035 | _a(NLR Aleph) 009200266 | ||
| 090 |
_a8685400 _c8685400 |
||
| 100 | _a20100424d1991 |||y0rusy50 ca | ||
| 101 | 0 | _aeng | |
| 102 | _aRU | ||
| 105 | _aa ||||000|y | ||
| 200 | 1 |
_aOlympic snapshots _eNovi Sad-90 _fM. Chiburdanidze, G. Kuzmin |
|
| 210 |
_aTogliatti _cAlternative _d1991 |
||
| 215 |
_a142 с. _cил., портр. _d20 см |
||
| 606 |
_aШахматные олимпиады, международные _2nlr_sh1 |
||
| 686 |
_aЧ515.814(0)938 _2rubbk |
||
| 700 | 1 |
_9z01790 _aČiburdanidze _bM. G. _f1961 _gMajja Grigor'evna _4070 |
|
| 701 | 1 |
_9z02790 _aKuz'min _bG. _f1946 _gGennadij _4070 |
|
| 790 | 1 |
_9z01700 _aChiburdanidze _bM. _4070 |
|
| 790 | 1 |
_9z02701 _aKuzmin _bG. _4070 |
|
| 801 | 1 |
_aRU _bNLR _c20100424 |
|
| 801 | 0 |
_aRU _bNLR _gPSBO |
|
| 852 |
_aNLR _jФк01 Д-3/549 |
||
| 942 | _cBOOK | ||
| 980 | _aNB | ||